| 000 | 00344nam a22001457a 4500 | ||
|---|---|---|---|
| 003 | SGT | ||
| 020 | _a9788180410781 | ||
| 082 |
_a342.0954 _bG11R |
||
| 100 | _aRAY, BALKRISHAN | ||
| 245 | _aGANTANTRA DIVAS KI SHOBHA YATRA | ||
| 260 |
_aINDIA _bPREM PRAKASHAN MANDIR _c2011 |
||
| 300 | _a87 | ||
| 650 | _aINDIA CONSTITUTION | ||
| 942 |
_2ddc _cBK |
||
| 999 |
_c26219 _d26219 |
||